000 00646nam a2200205Ia 4500
008 240729s9999 xx 000 0 und d
022 _a1756-8722
245 0 _aJournal of Hematology & Oncology
260 _aUnited Kingdom
260 _bBMC
650 _a Diseases of the blood and blood-forming organs | Medicine
650 _a Internal medicine
650 _a Internal medicine
650 _a Neoplasms. Tumors. Oncology. Including cancer and carcinogens
650 _a Specialties of internal medicine
650 _aMedicine
856 _uhttps://doaj.org/toc/4be14ed56a864a41bd845b77dee8aa0e
942 _2ddc
942 _cDOAJEJ
999 _c74094
_d74094
945 _a1
_bMadushi Gamage
_c1
_dMadushi Gamage